Countries of Asia in 1850 with a Map - Statistics

General Stats
  • This quiz has been taken 10,620 times
    8,895 since last reset
  • The average score is 24 of 137
Answers on the Map
Answers color-coded by a green-red scale on the quiz's map according to % correct below.
 
Answer Stats
Country % Correct
China
99%
Japan
98%
Russia
98%
Joseon
97%
Persia
97%
Ottoman Empire
96%
Đại Nam
94%
Siam
93%
Nepal
92%
Burma
91%
Bhutan
89%
United Kingdom
89%
Muscat and Oman
87%
Zaidi Imamate
83%
Spain
81%
Netherlands
78%
France
77%
Portugal
75%
Nejd
73%
Afghanistan
66%
Maldives
61%
Bahrain
57%
Brunei
55%
Sikkim
36%
Kuwait
34%
Kalat
31%
Aceh
29%
Ryukyu
26%
Bali
22%
Mughal Empire
21%
Johor
19%
Maguindanao
19%
Bukhara
18%
Khiva
16%
Ha'il
15%
Sarawak
15%
Denmark
13%
Herat
12%
Sulu
11%
Kandahar
9%
Kokand
8%
Najran
5%
Mahra
4%
Perak
4%
Selangor
4%
Siak
4%
Lanfang
3%
Luwu
3%
Terengganu
3%
Anaza
2%
Badakhshan
2%
Balkh
2%
Buton
2%
Dir
2%
Kathiri
2%
Kunduz
2%
Lampung
2%
Negeri Sembilan
2%
Quetta
2%
Sambas
2%
Swat
2%
Alawi
1%
Amb
1%
Aqrabi
1%
Audhali
1%
Bakkara
1%
Banggai
1%
Beihan
1%
Bulungan
1%
Chitral
1%
Darvaz
1%
Dathina
1%
Dhala
1%
Donggala
1%
Fadhli
1%
Farah
1%
Gilgit
1%
Haushabi
1%
Hunza
1%
Irma
1%
Irqa
1%
Kafiristan
1%
Kohistan
1%
Konawe
1%
Kulab
1%
Lahej
1%
Lanao Confederation
1%
Lower Aulaqi
1%
Lower Yafa
1%
Ma'an
1%
Maymana
1%
Nagar
1%
Palu
1%
Sar-e Pol
1%
Selimbau
1%
Sha'ib
1%
Shighnan
1%
Sibi
1%
Sigi
1%
Sintang
1%
Toraja
1%
Upper Aulaqi
1%
Upper Yafa
1%
Wahidi Azzan
1%
Wahidi Balhaf
1%
Wahidi Bir Ali
1%
Wahidi Haban
1%
Wajo
1%
Wakhan
1%
Waziristan
1%
Agang
0%
Aimaq
0%
Appozai
0%
Aralle
0%
Bajaur
0%
Balanipa
0%
Bambang
0%
Banggae
0%
Binuang
0%
Buraidah
0%
Hisor
0%
Kulawi
0%
Loralai
0%
Maflahi
0%
Mambi
0%
Mamuja
0%
Matangnga
0%
Pamboang
0%
Rante Bulahan
0%
Sendana
0%
Shinaki
0%
Tabang
0%
Tabulahan
0%
Tapalang
0%
Tashqurghan
0%
Tawaeli
0%
Tolitoli
0%
No matching quizzes found
Score Distribution
Percent of People with Each Score
Percentile by Number Answered
Your Score History
You have not taken this quiz since the last reset